| 000 | 00441nam a2200181Ia 4500 | ||
|---|---|---|---|
| 001 | 19983 | ||
| 005 | 20260306172732.0 | ||
| 008 | 260306t1964||||xx |||||||||||||| ||spa|| | ||
| 041 | _aESP | ||
| 082 |
_a342.1 _bK22 |
||
| 100 |
_aKaplan, Morton A. _eAUT |
||
| 245 | 0 | _aFundamentos poíticos do dereito internacional | |
| 260 | _c1964 | ||
| 300 |
_a383 páginas : _c21 cm. |
||
| 650 | _aGEN | ||
| 654 | _aCDE | ||
| 942 |
_cLIB _dJUS _fJUS _2ddc _n |
||
| 999 |
_c19983 _d19983 |
||